| 000 | 00413nam a2200169Ia 4500 | ||
|---|---|---|---|
| 008 | 210210b2011 xxu||||| |||| 00| 0 eng d | ||
| 041 | _aeng | ||
| 082 | _a305.6971 ICHB | ||
| 100 | _aICHLANGOD (B M) | ||
| 245 | _aBearys of tulunadu | ||
| 260 |
_aMangalore _bKarnataka Beary Sahithya Academy _c2011 |
||
| 300 | _a220 | ||
| 650 | _atulunadu | ||
| 650 | _aBearys | ||
| 690 | _aSocial Groups | ||
| 906 | _a071609 | ||
| 999 |
_c121406 _d121406 |
||